How I Met Your Mother Episodes (Slideshow) Quiz Stats

 Plays Quiz not verified by Sporcle

Score 0/40 Timer 10:00
0 Plays Today
% Correct
Slutty Pumpkin
95.6%
The Pineapple Incident
90.8%
Purple Giraffe
87.3%
The Naked Man
85.6%
Woooo!
82.1%
Robots Versus Wrestlers
81.7%
Sandcastles in the Sand
80.8%
The Best Burger in New York
80.3%
Robin 101
80.3%
Weekend at Barney's
76.9%
The Mermaid Theory
76%
Perfect Week
76%
Slapsgiving
75.1%
Slapsgiving 2: Revenge of the Slap
72.9%
The Goat
72.5%
Aldrin Justice
72.1%
The Playbook
71.6%
Slap Bet
70.3%
The Bracket
69.4%
Swarley
68.1%
% Correct
Who Wants to Be a Godparent?
67.2%
How Your Mother Met Me
66.8%
The Platinum Rule
66.8%
Ducky Tie
65.9%
Blitzgiving
65.9%
Monday Night Football
65.1%
No Tomorrow
64.2%
The Burning Beekeeper
62.9%
P.S. I Love You
62.4%
Subway Wars
61.1%
Something Borrowed
60.7%
Glitter
58.5%
The Rehearsal Dinner
54.1%
No Questions Asked
54.1%
The Final Page - Part Two
52.4%
Twelve Horny Women
50.7%
Legendaddy
50.7%
Arrivederci, Fiero
49.8%
Last Forever - Part One
45.9%
The Bro Mitzvah
41%

You're not logged in!

Compare scores with friends on all Sporcle quizzes.
Join for Free
OR
Log In

You Might Also Like...

Show Comments

Extras

Top Quizzes Today


Score Distribution

Your Account Isn't Verified!

In order to create a playlist on Sporcle, you need to verify the email address you used during registration. Go to your Sporcle Settings to finish the process.

Report this User

Report this user for behavior that violates our Community Guidelines.

Details: